Návrh na zefektívnenie vybraného procesu výroby

Enregistré dans:
Détails bibliographiques
Auteur principal: John, Marek (Auteur)
Autres auteurs: Mĺkva, Miroslava (Directeur de thèse)
Format: Manuscrit Livre
Langue:slovaque
Publié: 2025
Sujets:
Accès en ligne:http://is.stuba.sk/zp/portal_zp.pl?podrobnosti=183825
Tags: Ajouter un tag
Pas de tags, Soyez le premier à ajouter un tag!

MARC

LEADER 00000ntm a22000003a 4500
001 stuzp103717
003 SK-STU
005 20250614212201.1
007 ta
008 150427s2015----xo-----f-mn---000-0-slo-d
040 |a STU  |b slo 
041 0 |a slo 
100 1 |a John, Marek  |u 064000  |4 aut  |U MTF Materiálovotechnologická fakulta  |T MTF Ústav priemyselného inžinierstva a manažmentu  |X 127768  |U M4000  |Y 84  |7 127768 
242 0 1 |a Proposal for improving the efficiency of a selected manufacturing process  |y eng 
245 1 0 |a Návrh na zefektívnenie vybraného procesu výroby 
260 |c 2025 
650 4 |a lean manufacturing  |2 eng 
650 4 |a production process  |2 eng 
650 4 |a process improvement  |2 eng 
650 4 |a štíhla výroba  |2 slo 
650 4 |a zlepšenie procesu  |2 slo 
650 4 |a výrobný proces  |2 slo 
700 1 |a Mĺkva, Miroslava  |u 064000  |k Z1  |4 ths  |U MTF Materiálovotechnologická fakulta  |T MTF Ústav priemyselného inžinierstva a manažmentu  |X 4176  |U M4000  |Y 84  |7 A000004176 
856 4 |u http://is.stuba.sk/zp/portal_zp.pl?podrobnosti=183825 
996 |c M* DP-15568  |l MMSKP  |s P  |a 0  |w stuzp103717_0001